LEADER 01513nam a2200289 4500 001 000000356250 003 CaOOAMICUS 005 20231129123935.0 008 231129s2011 it a 000 u ita r 020 $a978-88-6315-319-4 040 $aSeMil$bita 245 00$aIntercessor Rainerius ad Patrem :$bil santo di una cittą marinara del 12. secolo /$ca cura di Patrizia Castelli e Maria Luisa Ceccarelli Lemut. 264 1$aOspedaletto (Pisa) :$bPacini Editore,$c2011. 300 $a311 p. :$bill. ;$c24 cm 490 1 $aBiblioteca del Bollettino storico pisano. Collana storica ;$v57 600 14$aScacceri, Ranieri .$0(OLS)http://semarc/subject/36216 650 4$aPisa - Agiografia.$0(OLS)http://semarc/subject/54797 700 1 $aCeccarelli Lemut, Maria Luisa,$d<1946- >.$0(OLS)http://semarc/name/118726 700 1 $aCastelli, Patrizia.$0(OLS)http://semarc/name/25398 710 2 $aSocietą storica pisana.$0(OLS)http://semarc/name/118727 830 0$aBiblioteca del Bollettino storico pisano. Collana storica ;$v57.$0(OLS)http://semarc/title/446512 850 $aSeMil 852 $aSeMil$W1$xVenegono$y1$m3H IV 512$j244823$B247430$CSeMilBibl$Z2$F247430 $81 996 $6020$a978-88-6315-319-4$9(OLS)http://semarc/number/299380 996 $6245$aIntercessor Rainerius ad Patrem :$bil santo di una cittą marinara del 12. secolo$9(OLS)http://semarc/title/446511 996 $6264$aOspedaletto (Pisa) :$bPacini Editore$9(OLS)http://semarc/publisher/33038 LEADER 00895nam a2200181 i 4500 001 000000033361 003 CaOOAMICUS 005 20180830125450.0 008 180830s1802 it u000 u ita u 040 $aSeMil$bita 245 10$aDell'origine delle leggi delle arti e delle scienze e dei loro progressi presso gli antichi popoli. Tomo 1. parte 1. [-Tomo 6. parte 3.]. 260 $aParma :$bPer li Fratelli Gozzi,$c1802. 300 $a6 v. ;$c8°. 500 $aPer l'A., Antoine-Yves Goguet, cfr. la pref. del v. 1 a pag. III. 700 1 $aGoguet, Antoine-Yves.$0(OLS)http://semarc/name/15291 774 0 $tTomo 6. Parte 3.$g6$w()88701 996 $6245$aDell'origine delle leggi delle arti e delle scienze e dei loro progressi presso gli antichi popoli. Tomo 1. parte 1. [-Tomo 6. parte 3.]$9(OLS)http://semarc/title/45141 996 $6260$aParma :$bPer li Fratelli Gozzi$9(OLS)http://semarc/publisher/39578